Introduction to mathematical philosophy /

Guardado en:
Autor Principal: Russell, Bertrand, 1872-1970.
Formato: Libro
Idioma:English
Publicado: London : George Allen and Unwin, 1919.
Series:Muirhead library of philosophy
Etiquetas: Agregar Etiqueta
Sin Etiquetas, Sea el primero en etiquetar este registro!
LEADER 00530nam a22001575a 4500
001 MAT.inmabb000391
008 031210s1919####enk###########000#0#eng#d
005 20110302112841.0
245 1 0 |a Introduction to mathematical philosophy /  |c by Bertrand Russell. 
260 |a London :  |b George Allen and Unwin,  |c 1919. 
300 |a xiii, 208 p. ;  |c cm. 
440 0 |a Muirhead library of philosophy 
500 |a 9th impression, 1956. 
100 1 |a Russell, Bertrand,  |d 1872-1970. 
084 |a 03A05 (00A30)  |2 msc2000 
859 |h 03  |i R961  |p A-128  |b BIB. MATEMATICA